Robert E. Lee : a Penguin life /

Bibliographic Details
Main Author: Blount, Roy, Jr., 1941-
Format: Book
Language:English
Published: New York : Lipper/Viking Book, 2003.
Series:Penguin lives series.
Subjects:

MARC

Tag First Indicator Second Indicator Subfields
LEADER 00000cam a2200000 a 4500
001 in00001752921
005 20171111063701.0
008 020827s2003 nyu b 000 0beng
010 |a  2002032423 
020 |a 0670032204 (alk. paper) 
035 |a (OCoLC)ocm50548811 
040 |a DLC  |c DLC  |d OCLCQ  |d C#P  |d UtOrBLW 
043 |a n-usu--  |a n-us--- 
049 |a TXAM 
050 0 0 |a E467.1.L4  |b B58 2003 
082 0 0 |a 973.7/3/092  |a B  |2 21 
100 1 |a Blount, Roy,  |c Jr.,  |d 1941- 
245 1 0 |a Robert E. Lee :  |b a Penguin life /  |c Roy Blount, Jr. 
264 1 |a New York :  |b Lipper/Viking Book,  |c 2003. 
300 |a 210 pages ;  |c 20 cm. 
336 |a text  |b txt  |2 rdacontent 
337 |a unmediated  |b n  |2 rdamedia 
338 |a volume  |b nc  |2 rdacarrier 
490 1 |a Penguin lives series 
504 |a Includes bibliographical references (pages 207-210). 
600 1 0 |a Lee, Robert E.  |q (Robert Edward),  |d 1807-1870. 
650 0 |a Generals  |z Confederate States of America  |v Biography. 
610 1 0 |a Confederate States of America.  |b Army  |v Biography. 
651 0 |a United States  |x History  |y Civil War, 1861-1865  |x Campaigns. 
830 0 |a Penguin lives series. 
945 |i PromptCat 
948 |a cataloged  |b cmulkey  |c 2003/6/5  |d 9:57:34 am 
994 |a 92  |b TXA 
999 |a MARS 
999 f f |s bc334aed-a0c3-3476-a80f-10426964faca  |i 013140e4-d900-3f29-9e97-291499347e8e  |t 0 
952 f f |p ric  |a Texas A&M University  |b Rellis Campus  |c Joint Library Facility  |d Remote Storage  |t 0  |e E467.1.L4 B58 2003  |h Library of Congress classification  |i unmediated -- volume  |m A14830230365 
998 f f |a E467.1.L4 B58 2003  |t 0  |l Remote Storage